<?xml version="1.0" encoding="UTF-8"?>
<marc:record xmlns:marc="http://www.loc.gov/MARC21/slim">
   <marc:leader>00000nam a2200000 a 4500</marc:leader>
   <marc:datafield ind1="1" ind2=" " tag="100">
      <marc:subfield code="a">Oertel, Katrin</marc:subfield>
      <marc:subfield code="4">aut</marc:subfield>
      <marc:subfield code="e">Verfasser/-in</marc:subfield>
   </marc:datafield>
   <marc:datafield ind1=" " ind2=" " tag="653">
      <marc:subfield code="a">Kinder</marc:subfield>
   </marc:datafield>
   <marc:datafield ind1=" " ind2=" " tag="653">
      <marc:subfield code="a">Kinderlyrik</marc:subfield>
   </marc:datafield>
   <marc:datafield ind1=" " ind2=" " tag="653">
      <marc:subfield code="a">Lyrik</marc:subfield>
   </marc:datafield>
   <marc:datafield ind1=" " ind2=" " tag="653">
      <marc:subfield code="a">Kinderlieder</marc:subfield>
   </marc:datafield>
   <marc:datafield ind1=" " ind2=" " tag="653">
      <marc:subfield code="a">Humor</marc:subfield>
   </marc:datafield>
   <marc:datafield ind1="0" ind2="0" tag="245">
      <marc:subfield code="a">Der wohltemperierte Leierkasten</marc:subfield>
   </marc:datafield>
   <marc:datafield ind1="0" ind2="0" tag="245">
      <marc:subfield code="b">Gedichte für Kinder, Erwachsene und andere Leute</marc:subfield>
   </marc:datafield>
   <marc:datafield ind1=" " ind2="1" tag="264">
      <marc:subfield code="b">cbj</marc:subfield>
      <marc:subfield code="c">2013</marc:subfield>
   </marc:datafield>
   <marc:datafield ind1="1" ind2=" " tag="520">
      <marc:subfield code="a">Quelle: bn.bibliotheksnachrichten (http://www.biblio.at/literatur/bn/index.html);  Autor: Eva Moser-Reitsamer;  Wunderschön illustrierte Neuausgabe des 1961 erschienenen Bandes mit Kindergedichten. (ab 4) (JL) "Der wohltemperierte Leierkasten" war eine der frühen Gedichte-Sammlungen des deutschen Kinderschriftstellers James Krüss (1926-1997), für die Erich Kästner ein sehr wertschätzendes Vorwort verfasst hat. Krüss spielt mit Worten, mit Buchstaben, mit Sprachklängen, mit sprachlichen Bildern, er bringt seine LeserInnen zum Schmunzeln und ermöglicht durch liebevollen Humor Eintritt in die Gefühlswelt der Kinder. Schon die Überschriften der einzelnen Kapitel (für Wanderer, Spaziergänger und andere gesunde Leute; für solche, die gern auf dem Kopf stehen; für alle, die mit Tieren befreundet, bekannt oder verwandt sind...) zeugen von diesem feinfühligen Umgang mit der deutschen Sprache. Katrin Oertel hat den Klassiker nun sehr geschickt neu illustriert. Die bunten, feinen, bis ins Detail witzigen und liebevollen Zeichnungen unterstreichen die Gedichte auf gelungene Weise. Sehr zu empfehlen für alle, die mit Kindern Spaß daran haben, Sprache zu entdecken.</marc:subfield>
   </marc:datafield>
   <marc:datafield ind1="3" ind2=" " tag="024">
      <marc:subfield code="a">9783570155127</marc:subfield>
   </marc:datafield>
</marc:record>
